<?xml version="1.0" encoding="UTF-8"?>
<record
    xmlns:xsi="http://www.w3.org/2001/XMLSchema-instance"
    xsi:schemaLocation="http://www.loc.gov/MARC21/slim http://www.loc.gov/standards/marcxml/schema/MARC21slim.xsd"
    xmlns="http://www.loc.gov/MARC21/slim">

  <leader>00368pam a2200157a 44500</leader>
  <controlfield tag="008">230515b2001    xxu||||| |||| 00| 0 eng d</controlfield>
  <datafield tag="020" ind1=" " ind2=" ">
    <subfield code="a">0</subfield>
  </datafield>
  <datafield tag="041" ind1=" " ind2=" ">
    <subfield code="a">ENGLISH</subfield>
  </datafield>
  <datafield tag="082" ind1=" " ind2=" ">
    <subfield code="a">612 SIR</subfield>
  </datafield>
  <datafield tag="100" ind1=" " ind2=" ">
    <subfield code="a">SIRCAR SABYASACHI</subfield>
  </datafield>
  <datafield tag="245" ind1=" " ind2=" ">
    <subfield code="a">MEDICAL PHYSIOLOGY VOL.2</subfield>
  </datafield>
  <datafield tag="250" ind1=" " ind2=" ">
    <subfield code="a">1 ST</subfield>
  </datafield>
  <datafield tag="260" ind1=" " ind2=" ">
    <subfield code="a">NEW DELHI</subfield>
    <subfield code="b">CBS PUBLISHERS</subfield>
    <subfield code="c">2001</subfield>
  </datafield>
  <datafield tag="300" ind1=" " ind2=" ">
    <subfield code="a">1156</subfield>
  </datafield>
  <datafield tag="650" ind1=" " ind2=" ">
    <subfield code="a">PHYSIOLOGY</subfield>
  </datafield>
  <datafield tag="999" ind1=" " ind2=" ">
    <subfield code="c">494329</subfield>
    <subfield code="d">494329</subfield>
  </datafield>
  <datafield tag="952" ind1=" " ind2=" ">
    <subfield code="0">0</subfield>
    <subfield code="1">0</subfield>
    <subfield code="4">0</subfield>
    <subfield code="7">0</subfield>
    <subfield code="a">ACP</subfield>
    <subfield code="b">ACP</subfield>
    <subfield code="c">8/A/2</subfield>
    <subfield code="d">1991-01-01</subfield>
    <subfield code="e">NULL</subfield>
    <subfield code="g">240.00</subfield>
    <subfield code="l">0</subfield>
    <subfield code="o">612 SIR</subfield>
    <subfield code="p">ACP-UG-10518</subfield>
    <subfield code="r">2023-06-28 00:00:00</subfield>
    <subfield code="w">2023-06-28</subfield>
    <subfield code="y">BK</subfield>
  </datafield>
</record>
